000 02360nam0a2200349 4500
001 RU\NLR\BIBL_A\012848686
005 20220920154605.0
010 _a978-5-7389-3487-2
_9100
021 _aRU
_bКН-П-22-027819
_9КН-П-22-2386
035 _a(NLR Aleph) 012848686
035 _a(RuMoRGB)011059785
090 _a12420017
_c12420017
100 _a20220715d2022 u y0rusy50 ca
101 0 _arus
102 _aRU
105 _ay j 000zy
181 0 _ai4
_baxxe
182 0 _an
200 1 _aГосударство и право стран средневековой Европы
_eучебное пособие
_fС. С. Цуканов
_gХабаровский краевой суд [и др.]
203 _aТекст
_bвизуальный
_cнепосредственный
210 _aХабаровск
_cИзд-во ТОГУ
_d2022
215 _a134, [1] с.
_d21
320 _aБиблиогр.: с. 133
330 _aУчебное пособие "Государство и право стран средневековой Европы" способствует углубленному изучению курса "История государства и права зарубежных стран", развитию устойчивого познавательного интереса учащихся к процессам истории Европы. Учебное пособие предназначено для студентов университета, обучающихся по специальностям: 40.03.01 "Юриспруденция" и 40.05.04 "Судебная и прокурорская деятельность"
606 1 _aПраво
_xИстория
_zСредние века
_yЕвропейские страны
_jУчебные издания для высших учебных заведений
_2nlr_sh2
_3RU\NLR\AUTH\661449815
606 1 _aГосударство
_xИстория
_yЕвропейские страны
_jУчебные издания для высших учебных заведений
_2nlr_sh2
_3RU\NLR\AUTH\661539339
686 1 _aХ2(0)4я73
700 1 _aЦуканов
_bС. С.
_cканд. юрид. наук
_gСергей Сергеевич
_3RU\NLR\AUTH\77115161
942 _cBOOK
980 _aNB